000 00521nam a22001337a 4500
999 _c5202
_d5202
008 250825b ||||| |||| 00| 0 eng d
020 _a9781742767833
082 _a823.92 PIC
100 _aPICHON,LIZ
_eAUTHOR
_lENGLISH
245 _aTOM GATES
_bYES! NO. (Maybe...)
260 _aEUSTON HOUSE,24 EVERSHOLT STREET,LONDON,NW1 1DB,SCHOLASTIC IRELAND,89E LAGAN ROAD,DUBLIN INDUSTRIAL ESTATE,G;ASNEVIN,DUBLIN,D11 HP5F
_bSCHOLASTIC
_c2021
300 _a220 pages
_bpaperback
_c15cm
942 _2ddc
_h823.92 PIC